| 000 | 00501cam a22001571 4500 | ||
|---|---|---|---|
| 082 |
_a697 _bCOR _cL-8,P-10 |
||
| 100 | 1 |
_aCornell, R. K. _945606 |
|
| 245 | 0 | 0 |
_aHeating and ventilating for architects and builders, _cby R. K. Cornell, A. M. I. H. V. Z. |
| 260 |
_aLondon, _bP. Elek ltd. _c[c1946] |
||
| 300 |
_a56 p. _billus., diagrs. _c25 x 19 cm. |
||
| 526 |
_a0 _b0 _c0 _d697_000000000000000_COR |
||
| 650 | 0 |
_aHeating. _932526 |
|
| 650 | 0 |
_aMCE _9379 |
|
| 650 | 0 |
_aVentilation. _932527 |
|
| 942 |
_2ddc _cBK |
||
| 999 |
_c549087 _d549087 |
||